01149 2200349 4500001002100000005001500021035002000036007000300056008004100059020002200100040002200122082001700144084001900161090002200180100004600202245013900248250003300387300003000420650002200450700003900472700002800511700003300539700003000572700002600602850001200628264004100640336002100681337003000702338002300732999002200755990002200777INLIS00000000086473020210916111505 a0010-0921000480ta210916s2021 yoi g p ind d a978-623-6600-84-9 aYOPDYOGbinderda04223a899.2211 a899.2211 GHI e aCB-D.11 2021-10540 aGhifroh Nailul Naulidahd2003-ePengarang10a4 statements /cGhifroh Nailul Naulidah, Shofi Atul Hasanah, Tria Sholihati, Cindriana Wulandari; penyunting, Iwan Kuswandi, Asmaniyah aCetakan pertama: April, 2021 aviii, 60 halaman ;c21 cm 4aSajak--xKumpulan0 aShofi Atul Hasanahd2002-epenulis0 aTria Sholihatiepenulis0 aCindriana Wulandariepenulis0 aIwan Kuswandiepenyunting0 aAsmaniyahepenyunting aYOPDYOG31aBantul :bLembaga Ladang Kata,c2021 2rdacontentateks 2rdamediaatanpa perantara 2rdacarrieravolume aCB-D.11/2021-1054 aCB-D.11/2021-1054